Plus Grandes Villes Roumanie - Statistiques

Statistiques générales
  • Ce quiz a été pris 375 fois
  • Le résultat moyen est 11 sur 20
Statistiques - réponses
Ville
Population
(en milliers)
% Correct
Bucarest 1 883
99%
Cluj Napoca 324
94%
Constanta 283
82%
Timisoara 319
78%
Brasov 253
77%
Iasi 290
75%
Craiova 269
63%
Oradea 196
54%
Arad 159
51%
Sibiu 147
50%
Ploiesti 209
48%
Galati 249
46%
Pitesti 155
42%
Satu Mare 102
42%
Bacau 144
40%
Baia Mare 123
40%
Targu Mures 134
36%
Buzau 115
34%
Braila 180
30%
Botosani 106
24%
Aucun quiz correspondant
Distribution des résultats
% des personnes avec chaque résultat
Percentile par nombre de réponses
Votre historique - résultats
Vous n’avez pas pris ce quiz